000 00578nam a22002177a 4500
003 UA-OsUOA
001 47218
007 ta
008 20070716b un ||||| |||| 00| 0 ukr d
100 _aКучерук О.
090 _a94(477)
_bК-11
942 _cSA
040 _aUA-OsUOA
_bukr
_cUA-OsUOA
_dUA-OsUOA
245 _aГенеральні секретарства та міністерства УНР
300 _aС.7
955 _a0
041 _aukr
080 _a94(477)
773 0 _w47217
650 7 _a9 Географія. Біографії. Історія
_2UDC
999 _c333313
_d333313